000 00231nam a22001217a 4500
040 _cHS
082 _a631
100 _aNA
245 _aPlaning for agricultural drainage
260 _aJAPAN
_bNA
_cNA
300 _a25p.
942 _cEK
999 _c8723
_d8723